000 00767nam a2200217 a 4500
005 20240911064307.0
008 140128s2013 mx r 000 0 spa d
020 _a9789875913554
035 _aUPN01000195311
049 _aCG
050 4 _aLB1731
_bS4.6
245 0 0 _aSensores :
_buna exitosa experiencia interdisciplinar en la enseñanza de las ciencias /
_cCarranza Patricia María ... [et al.].
260 _aCórdoba, Arg. :
_bBrujas :
_bFCEFyN,
_c2013.
300 _a165 p. :
_bil.
650 4 _aMAESTROS EN SERVICIO, FORMACION DE -
_zARGENTINA
_9873
650 4 _aAproximación interdisciplinaria en educación
_93030
650 4 _aCiencia
_xEstudio y enseñanza
_96354
700 1 _aCarranza, Patricia María,
_ecoaut.
905 _aLibro
999 _c167412
_d167412